000 00839nam a2200217 i 4500
001 164274
003 ES-MaACL
005 20250728232931.0
008 961118m18681869sp |||| | spa d
040 _aCYL
_bspa
_cCYL
100 1 _aSáez y Palacios, Rafael.
_9132998
245 1 0 _aTratado de química inorgánica teórico y práctico
_b: aplicada a la medicina y especialmente a la farmacia /
_cpor D. Rafael Saez y Palacios.
260 _aMadrid, etc. :
_bCarlos Bailly-Bailliere, Librería Extranjera y Nacional, Científica y Literaria,
_c1868-1869.
300 _a2 v. (695, 751 p.) ;
_c23 cm.
597 _aAntep.
650 0 7 _aQuímica inorgánica
_2embne
_916638
700 1 _aBailly-Baillière, Charles.
_9125784
752 _aEspaña -
_dMadrid
852 _aES-MaACL
_jG-9550-51
_z- Enc. tela
999 _c164274
_d164274